Edward Berger Movies - Statistics

General Stats
  • This quiz has been taken 9 times
  • The average score is 2 of 7
Answer Stats
Release Year Answer % Correct
2024 Conclave
86%
2022 All Quiet on the Western Front
57%
2014 Jack
29%
2025 The Ballad of a Small Player
29%
2019 All my Loving
14%
2001 Frau2 sucht HappyEnd
0%
1998 Gomez - Kopf oder Zahl
0%
No matching quizzes found
Score Distribution
Percent of People with Each Score
Percentile by Number Answered
Your Score History
You have not taken this quiz